000 01713nas a2200289 a 4500
005 20111215105858.0
010 _aB-481963-968
020 _a9788181469885
_c150.00
035 _aB-481963-968
037 _bBlue Berry/Ven
082 _aS
100 _aAravind Kirsh Bala
_953759
245 _aBlack panther /
_cby Aravind Krish Bala; pictures by Ashok Rajagopalan
260 _bTulika Publishers
_c2011
_aChennai
270 _a13, Prithvi Avenue, Abhiramapuram
_bChennai
_e600018
300 _aUnpaged
_bill.
_c24cm(pbk)
700 _a Rajagopalan, Ashok
_936968
942 _2ddc
_cCH
_mARA
_hS
999 _c59468
_d59468